Οι αντιλήψεις των φοιτητών για τις έννοιες: επιστημονική εξήγηση, ισχυρισμός, αποδεικτικά στοιχεία και συλλογισμός : διπλωματική εργασία [μεταπτυχιακή εργασία]

Αποθηκεύτηκε σε:
Λεπτομέρειες βιβλιογραφικής εγγραφής
Κύριος συγγραφέας: Μπατζογιάννης, Δημήτριος
Συγγραφή απο Οργανισμό/Αρχή: Πανεπιστήμιο Αιγαίου Σχολή Ανθρωπιστικών Επιστημών Παιδαγωγικό Τμήμα Δημοτικής Εκπαίδευσης Πρόγραμμα Μεταπτυχιακών Σπουδών Επιστήμες της Αγωγής - Εκπαίδευση με τη Χρήση Νέων Τεχνολογιών
Άλλοι συγγραφείς: Σκουμιός, Μιχαήλ (Εισηγητής διατριβής)
Μορφή: Thesis Βιβλίο
Γλώσσα:Greek
Δημοσίευση: 2014
Θέματα:
Διαθέσιμο Online:http://hdl.handle.net/11610/16244
Ετικέτες: Προσθήκη ετικέτας
Δεν υπάρχουν, Καταχωρήστε ετικέτα πρώτοι!

MARC

LEADER 00000cam a2200000 i 4500
001 1/58620
008 141029s2014 gre d
035 |l 10119554 
040 |a GR-MY-UA  |b gre  |e aacr 
041 0 |a gre 
082 0 |a 372.357  |2 (22) 
100 1 |a Μπατζογιάννης, Δημήτριος. 
245 1 3 |a Οι αντιλήψεις των φοιτητών για τις έννοιες: επιστημονική εξήγηση, ισχυρισμός, αποδεικτικά στοιχεία και συλλογισμός :  |b διπλωματική εργασία [μεταπτυχιακή εργασία] /  |c Μπατζογιάννης Δημήτριος ; επιβλέπων: Σκουμιός Μιχαήλ 
260 |c 2014 
300 |a 112 σ.;  |b σχήμ., πίν.;  |c 30 εκ. 
500 |a Μέλη εξεταστικής επιτροπής: Χιονίδου-Μοσκοφόγλου Μαρία, Φωκίδης Μάνος 
502 # # |a Διατριβή (μεταπτυχιακή) – Πανεπιστήμιο Αιγαίου, Ρόδος, 2014. 
504 |a Βιβλιογραφία: σ. 101-109 
650 0 0 |a Physics  |x Study and teaching. 
650 0 0 |a Science  |x Study and teaching. 
650 0 0 |a Students  |x Attitudes. 
650 0 0 |a Cognition in children. 
650 0 0 |a Dissertations, Academic  |z Greece. 
700 0 |a Σκουμιός, Μιχαήλ.  |4 ths 
710 2 |a Πανεπιστήμιο Αιγαίου  |b Σχολή Ανθρωπιστικών Επιστημών  |b Παιδαγωγικό Τμήμα Δημοτικής Εκπαίδευσης  |b Πρόγραμμα Μεταπτυχιακών Σπουδών Επιστήμες της Αγωγής - Εκπαίδευση με τη Χρήση Νέων Τεχνολογιών. 
852 |a INST  |b RHODES  |c DIATR  |e 20141029  |h 372.357 ΜΠΑ  |p 005400037169  |q 005400037169  |t MTXE  |y 23 
852 |a INST  |b RHODES  |c DIATR  |e 20141029  |h 372.357 ΜΠΑ  |p 005400037170  |q 005400037170  |t MTXE  |y 23 
856 |u http://hdl.handle.net/11610/16244 
901 |a BIBL4-2014-3 
909 |a Ρ  |b 183489 
909 |a Ρ  |b 183490 
924 |a ΜΠΑΤΖΟΓΙΑΝΝΗΣ  |b ΔΗΜΗΤΡΙΟΣ  |y ΡΟΔΟΣ  |z 2014-06 
970 |z 2014/10/29